000 00382nab a22001097u 4500
008 130520b2007 xxu||||| |||| 00| 0 spa d
041 _aspa
100 1 _aVérité, Jean-Baptiste
_977239
245 0 0 _aLos niños de la calle al margen de la Iglesia-Familia de Dios en África
_cJean-Baptiste Vérité
773 0 _tConcilium
_gnº323,2007,págs. 57-68
_x0210-1041
_wRev134
942 _cAR
999 _c382905
_d382905